000 00764na a2200265 4500
001 15853
003 MIRAKIL
005 20181213154833.0
008 161009b tu 000 0
035 _a15853
040 _aMilas
_btur
_cTR-AnCHP
041 _atur
082 _a362.287
_bY44c 2002
090 _a362.287 Y44c 2002
100 _aYılmaz, Bülent
245 _aCezaevlerinde intihar ve başa çıkma yolları
_cBülent Yılmaz, Derya Kolbaşı
260 _aAnkara
_bAdalet Bakanlığı
_c2002
300 _a47 s.
_btbl.
_c19 sm.
504 _aKaynakça var.
650 _aHapishaneler
_xİntihar girişimleri
650 _aİntihar yöntemleri
650 _aİntihar
_xEngelleyici önlemler
700 _aKolbaşı, Derya
942 _2ddc
_cBKS
999 _c1761
_d1761